[Event "IECC KO email"]
[Site "IECC email"]
[Date "2001.09.08"]
[Round "?"]
[White "Poade, Mat"]
[Black "Leblon, Andre"]
[Result "0-1"]
[WhiteElo "951"]
[BlackElo "1016"]
[PlyCount "60"]
[EventDate "2001.??.??"]
[EventType "tourn (corr)"]
[EventRounds "6"]
[SourceTitle "Corr 2008"]
[Source "ChessBase"]
[SourceDate "2008.06.24"]
[SourceVersion "1"]
[SourceVersionDate "2008.06.24"]
[SourceQuality "1"]

1. e4 c5 2. Nf3 d6 3. d4 cxd4 4. Nxd4 Nf6 5. Bb5+ Nbd7 6. 0-0 g6 7. Re1 Bg7 8. e5 dxe5 9. Rxe5 0-0 10. Bg5 Nxe5 11. Bxf6 Bxf6 12. c3 Be6 13. Nd2 Rc8 14. Qe2 Qb6 15. Ne4 Bd5 16. Nxf6+ Qxf6 17. Re1 Nc6 18. c4 Nxd4 19. Qd3 Nxb5 20. Qxd5 Qxb2 21. g3 Nc7 22. Qd7 e5 23. h4 h5 24. g4 Rfd8 25. Qe7 Re8 26. Qg5 Qc3 27. Re4 Ne6 28. Qf6 Qc1+ 29. Kh2 Qh6 30. Rxe5 Qf4+ 0-1